| 000 | 00420pam a2200169 a 4500 | ||
|---|---|---|---|
| 020 | _c | ||
| 041 | _h | ||
| 082 | _a641.5 | ||
| 100 |
_aBAHADUR K.P. _eAuthor |
||
| 245 |
_aCASTE TRIBE & CULTURE OF INDIA.BENGAL BIHAR & ORISA.VOL -3 _cBAHADUR K.P. _hTextual Documents |
||
| 250 | _a2nd ed | ||
| 260 |
_aNew Delhi _bEss Ess Pub |
||
| 300 | _a143 | ||
| 653 | _afood Producation | ||
| 700 | _eCo-Author | ||
| 930 | _a631 | ||
| 999 |
_c228032 _d228032 |
||